Kitab 'ilmu sukat-sukatan tanah; ia-itu pemimpin bagi pegawai-pegawai Melayu yang memegang jawatan dalam pejabat hutan, neger-negeri ini

Bibliographic Details
Main Author: ARNOT
Format: Book
Published: Taiping : C. E. Press , 1933, 1939
Subjects:

MARC

LEADER 00000cam a2200000 7i4500
001 0000001461
005 20020416.0
090 0 0 |a 526.9   |b ARN 1933 
100 1 0 |a ARNOT   |h D. B. 
245 1 0 |a Kitab 'ilmu sukat-sukatan tanah; ia-itu pemimpin bagi pegawai-pegawai Melayu yang memegang jawatan dalam pejabat hutan, neger-negeri ini   |c D. B. Arnot 
260 0 0 |a Taiping :   |b C. E. Press ,   |c 1933, 1939 
300 |a 128 p. :   |b ill. ;   |c 27 cm. 
650 0 0 |a Surveying 
998 |a JPSM 
999 |a 0000002471   |b Monograph   |c Open Shelf   |e Default branch 
999 |a 0000003033   |b Monograph   |c Open Shelf   |e Default branch